000 00317nam a22001337a 4500
008 171124b xxu||||| |||| 00| 0 eng d
020 _a9780849372612
041 _aeng
080 _a61
100 _a3
101 _aMP
245 _aFATTY ACIDS IN FOODS AND THEIR HEALTH IMPLICATIONS
_cCHOW, CH.K
942 _2udc
_cBK
999 _c38479
_d38479